000 00571nam a2200229Ia 4500
003 OSt
005 20221007082336.0
006 a|||||r|||| 00| 0
007 ta
008 221006b |||||||| |||| 00| 0 eng d
024 _a24,755
037 _cTextual
040 _aFLL
_cFLL
_beng
041 _2eng
_aeng
082 _aWxK89, L5
100 _aMason Sheila Mary
_9699031
245 0 _aMontesquieu's idea of justice
260 _c1975
300 _axv,1-319p
_ccm.
942 _hWxK89, L5
_cTEXL
_2CC
999 _c1166123
_d1166123